| 000 | 00413nam a22001577a 4500 | ||
|---|---|---|---|
| 003 | OSt | ||
| 005 | 20250203083355.0 | ||
| 008 | 250203b |||||||| |||| 00| 0 eng d | ||
| 020 | _a8121925940 | ||
| 040 | _cDLC | ||
| 050 |
_aTA405 _b.620 2003 |
||
| 245 |
_aStrength of Materials _bMechanics of Solids _cRAJPUT R.K |
||
| 250 | _aMulticolour Illustrative Edition | ||
| 260 |
_aIndia _bS.Chand _c1998 |
||
| 942 |
_2lcc _cBK |
||
| 999 |
_c8519 _d8519 |
||